000 00714nam a2200265Ia 4500
003 OSt
005 20220927105602.0
006 a|||||r|||| 00| 0
007 ta
008 220926b |||||||| |||| 00| 0 eng d
020 _a0821329502
024 _a190740
037 _cReference Collections
040 _aRTL
_cRTL
_beng
041 _2eng
_aeng
082 _a"U:(G:55).436, N4"
110 _aWORLD BANK
245 0 _aIndonesia
_b Environment and development
260 _aWashington
_bWorld Bank
_c1994
300 _a"xxv, 295p"
_ccm.
490 _aWorld Bank Country Study
700 _aWORLD BANK
942 _h"U:(G:55).436, N4"
_cCC
999 _c693310
_d693310